[Event "FRA-chT1 1011"]
[Site "France"]
[Date "2010.12.11"]
[Round "4.5"]
[White "Lohou, Stephane"]
[Black "Maitesian, Sergei"]
[Result "0-1"]
[WhiteElo "2165"]
[BlackElo "2282"]
[PlyCount "46"]
[EventDate "2010.10.17"]
[EventType "team-tourn"]
[EventRounds "11"]
[EventCountry "FRA"]
[SourceTitle "EXT 2012"]
[Source "ChessBase"]
[SourceDate "2011.11.24"]
[SourceVersion "1"]
[SourceVersionDate "2011.11.24"]
[SourceQuality "1"]

1. e4 c5 2. Nf3 d6 3. d4 cxd4 4. Nxd4 Nf6 5. Nc3 a6 6. Bg5 e6 7. f4 Be7 8. Qf3 Qc7 9. 0-0-0 Nbd7 10. g4 b5 11. Bxf6 gxf6 12. Bd3 Bb7 13. g5 0-0-0 14. Qh5 Rhf8 15. h4 b4 16. Nce2 Nc5 17. Ng3 d5 18. gxf6 Qxf4+ 19. Kb1 Bxf6 20. Nde2 Qe5 21. Qxe5 Bxe5 22. exd5 Bxd5 23. Rhf1 Nxd3 0-1

[Event "FRA-chT2 0910"]
[Site "France"]
[Date "2010.01.24"]
[Round "7.2"]
[White "Maitesian, Sergei"]
[Black "Vallin, Guillaume"]
[Result "0-1"]
[WhiteElo "2280"]
[BlackElo "2420"]
[PlyCount "79"]
[EventDate "2009.09.27"]
[EventType "team-tourn"]
[EventRounds "11"]
[EventCountry "FRA"]
[SourceTitle "EXT 2011"]
[Source "ChessBase"]
[SourceDate "2010.11.26"]
[SourceVersion "1"]
[SourceVersionDate "2010.11.26"]
[SourceQuality "1"]

1. e4 e6 2. d3 d5 3. Nd2 Nf6 4. Ngf3 c5 5. g3 Nc6 6. Bg2 Be7 7. 0-0 b6 8. Re1 Bb7 9. e5 Nd7 10. h4 Qc7 11. Qe2 0-0-0 12. c3 h6 13. Nf1 Rdg8 14. N1h2 g5 15. hxg5 hxg5 16. Ng4 Rh5 17. Bd2 Rgh8 18. b4 Qd8 19. b5 Na5 20. Kf1 c4 21. d4 Qg8 22. Qe3 Qg6 23. Ng1 Rg8 24. Bf3 Rhh8 25. Bd1 Kc7 26. Rc1 Qd3+ 27. Be2 Qh7 28. Qf3 a6 29. bxa6 Bc6 30. Bd1 Qd3+ 31. Qxd3 cxd3 32. Ne3 Nc4 33. Nf3 g4 34. Nxc4 gxf3 35. Bxf3 dxc4 36. Bxc6 Kxc6 37. Kg2 Ra8 38. f4 Rxa6 39. Red1 Rxa2 40. g4 0-1

[Event "FRA-chT2 0910"]
[Site "France"]
[Date "2009.10.04"]
[Round "1.3"]
[White "Friess, Nicolas"]
[Black "Maitesian, Sergei"]
[Result "1/2-1/2"]
[WhiteElo "2203"]
[BlackElo "2278"]
[PlyCount "86"]
[EventDate "2009.09.27"]
[EventType "team-tourn"]
[EventRounds "11"]
[EventCountry "FRA"]
[SourceTitle "EXT 2011"]
[Source "ChessBase"]
[SourceDate "2010.11.26"]
[SourceVersion "1"]
[SourceVersionDate "2010.11.26"]
[SourceQuality "1"]

1. d4 Nf6 2. c4 g6 3. Nc3 d5 4. Bf4 Bg7 5. e3 0-0 6. cxd5 Nxd5 7. Nxd5 Qxd5 8. Bxc7 Na6 9. Bxa6 Qxg2 10. Qf3 Qxf3 11. Nxf3 bxa6 12. Rc1 Bb7 13. Ke2 Rac8 14. Rc3 f5 15. Rg1 Bd5 16. a3 f4 17. Bxf4 Rb8 18. b4 a5 19. Rc5 Bxf3+ 20. Kxf3 axb4 21. axb4 Rxb4 22. Kg3 Rb3 23. f3 Ra3 24. Rb1 a5 25. Rb7 Ra8 26. Rcc7 Bf6 27. Be5 Bxe5+ 28. dxe5 Re8 29. Rxe7 Rxe7 30. Rxe7 Rxe3 31. Kf4 Rc3 32. Ra7 Rc5 33. h4 h6 34. Ke4 Rb5 35. h5 gxh5 36. f4 h4 37. Kf3 h3 38. e6 Rb3+ 39. Kf2 Rb2+ 40. Kg1 Re2 41. f5 Re5 42. Ra8+ Kg7 43. Kh2 Kf6 1/2-1/2

[Event "FRA-chT2 North 0809"]
[Site "France"]
[Date "2009.04.05"]
[Round "11.3"]
[White "Maitesian, Sergei"]
[Black "Marcantoni, Herve"]
[Result "1/2-1/2"]
[WhiteElo "2276"]
[BlackElo "2206"]
[PlyCount "54"]
[EventDate "2008.10.19"]
[EventType "team-tourn"]
[EventRounds "11"]
[EventCountry "FRA"]
[SourceTitle "EXT 2010"]
[Source "ChessBase"]
[SourceDate "2010.11.25"]
[SourceVersion "1"]
[SourceVersionDate "2010.11.25"]
[SourceQuality "1"]
[WhiteTeam "Le Touquet"]
[BlackTeam "Cergy Pontoise"]
[WhiteTeamCountry "FRA"]
[BlackTeamCountry "FRA"]

1. e4 c5 2. Nf3 g6 3. d3 Bg7 4. g3 Nc6 5. c3 e5 6. Bg2 Nge7 7. 0-0 0-0 8. Be3 d6 9. h3 b6 10. d4 exd4 11. cxd4 Ba6 12. Re1 Nb4 13. Nc3 Nec6 14. e5 Nd3 15. Re2 cxd4 16. Nxd4 Nxd4 17. Bxd4 Nxe5 18. Rd2 Rb8 19. Qa4 Qc8 20. Nd5 Qc4 21. Qa3 Bb7 22. b3 Qb5 23. Qxd6 Bxd5 24. Qxd5 Qxd5 25. Bxd5 Rfd8 26. Bxe5 Bxe5 27. Rad1 Bf6 1/2-1/2

[Event "FRA-chT2 North 0809"]
[Site "France"]
[Date "2009.01.18"]
[Round "6.2"]
[White "Maitesian, Sergei"]
[Black "Draoui, Najib"]
[Result "1/2-1/2"]
[WhiteElo "2276"]
[BlackElo "2361"]
[PlyCount "108"]
[EventDate "2008.10.19"]
[EventType "team-tourn"]
[EventRounds "11"]
[EventCountry "FRA"]
[SourceTitle "EXT 2010"]
[Source "ChessBase"]
[SourceDate "2010.11.25"]
[SourceVersion "1"]
[SourceVersionDate "2010.11.25"]
[SourceQuality "1"]
[WhiteTeam "Le Touquet"]
[BlackTeam "Chess XV"]
[WhiteTeamCountry "FRA"]
[BlackTeamCountry "FRA"]

1. e4 c5 2. Nf3 e6 3. d3 b6 4. Nbd2 Bb7 5. g3 d6 6. Bg2 Nf6 7. 0-0 Be7 8. Re1 0-0 9. c3 Nc6 10. a3 Re8 11. d4 cxd4 12. cxd4 e5 13. d5 Nb8 14. b4 Nbd7 15. Bb2 Qb8 16. Bf1 a6 17. Re3 b5 18. a4 bxa4 19. Rxa4 Bd8 20. Ne1 Bb6 21. Rea3 a5 22. bxa5 Bc5 23. Rb3 Qa7 24. Nd3 Ba6 25. Qf3 Rab8 26. Rxb8 Rxb8 27. Nxc5 Nxc5 28. Ra2 Bxf1 29. Kxf1 Qa6+ 30. Qe2 Nd3 31. Ra3 Rxb2 32. Qxd3 Qa7 33. Qc3 Rb8 34. f3 h5 35. Qe3 Qa6+ 36. Qd3 Qa7 37. Qe3 Qa6+ 38. Qd3 Qa7 39. Nc4 Nd7 40. a6 Nc5 41. Qc2 Nxa6 42. Nxd6 h4 43. gxh4 Qb6 44. Nf5 Kh7 45. Kg2 Nb4 46. Qc3 Qg6+ 47. Ng3 Qf6 48. Rb3 Qd6 49. Rb2 Rb6 50. Rb3 Rb7 51. Nf5 Qg6+ 52. Ng3 Qd6 53. Nf5 Qg6+ 54. Ng3 Qd6 1/2-1/2

[Event "FRA-chT2 North 0809"]
[Site "France"]
[Date "2008.11.22"]
[Round "2.3"]
[White "Maitesian, Sergei"]
[Black "El Farihi, Mohsine"]
[Result "0-1"]
[WhiteElo "2276"]
[BlackElo "2141"]
[PlyCount "29"]
[EventDate "2008.10.19"]
[EventType "team-tourn"]
[EventRounds "11"]
[EventCountry "FRA"]
[SourceTitle "EXT 2010"]
[Source "ChessBase"]
[SourceDate "2010.11.25"]
[SourceVersion "1"]
[SourceVersionDate "2010.11.25"]
[SourceQuality "1"]
[WhiteTeam "Le Touquet"]
[BlackTeam "Livry Gargan"]
[WhiteTeamCountry "FRA"]
[BlackTeamCountry "FRA"]

1. e4 e5 2. Nf3 Nf6 3. Nc3 Nc6 4. Bc4 Nxe4 5. Bxf7+ Kxf7 6. Nxe4 d5 7. Neg5+ Kg8 8. d4 h6 9. Nh3 e4 10. Nfg1 Qf6 11. Be3 Bd6 12. Ne2 Bxh3 13. g4 Qf3 14. Ng3 Rf8 15. Rg1 0-1

[Event "FRA-chT2 North 0809"]
[Site "France"]
[Date "2008.10.19"]
[Round "1.2"]
[White "Maitesian, Sergei"]
[Black "Friess, Nicolas"]
[Result "1-0"]
[WhiteElo "2276"]
[BlackElo "2210"]
[PlyCount "83"]
[EventDate "2008.10.19"]
[EventType "team-tourn"]
[EventRounds "11"]
[EventCountry "FRA"]
[SourceTitle "EXT 2010"]
[Source "ChessBase"]
[SourceDate "2010.11.25"]
[SourceVersion "1"]
[SourceVersionDate "2010.11.25"]
[SourceQuality "1"]
[WhiteTeam "Le Touquet"]
[BlackTeam "Henin Beaumont"]
[WhiteTeamCountry "FRA"]
[BlackTeamCountry "FRA"]

1. g3 d5 2. Bg2 Nf6 3. d3 c6 4. Nf3 Bg4 5. 0-0 Nbd7 6. c3 e5 7. Qc2 a5 8. a4 Bd6 9. e4 0-0 10. Re1 dxe4 11. dxe4 Qb8 12. Nbd2 b5 13. h3 Bh5 14. Nh4 Rd8 15. Nf5 Bf8 16. Nb3 h6 17. Bf1 Nc5 18. g4 Bg6 19. axb5 cxb5 20. Nxa5 Qc7 21. Nb3 Rxa1 22. Nxa1 Qc6 23. Nb3 Nfxe4 24. Bg2 Qe6 25. Bxe4 Qxb3 26. Qxb3 Nxb3 27. Bc6 Bxf5 28. gxf5 b4 29. Be3 bxc3 30. bxc3 Rc8 31. Bd5 Rxc3 32. Rb1 Nc5 33. Rb8 Na6 34. Rb7 Rc7 35. Rb6 Nc5 36. f6 gxf6 37. Rxf6 Bg7 38. Rd6 Bf8 39. Rd8 Ne6 40. Bxe6 fxe6 41. Bxh6 Rf7 42. Kg2 1-0

[Event "FRA-chT2 Nord 0708"]
[Site "France"]
[Date "2008.03.15"]
[Round "8.3"]
[White "Maitesian, Sergei"]
[Black "De Marchi, Olivier"]
[Result "1-0"]
[WhiteElo "2284"]
[BlackElo "2213"]
[PlyCount "81"]
[EventDate "2007.10.21"]
[EventType "team"]
[EventRounds "11"]
[EventCountry "FRA"]
[SourceTitle "EXT 2009"]
[Source "ChessBase"]
[SourceDate "2008.11.26"]
[SourceVersion "1"]
[SourceVersionDate "2008.11.26"]
[SourceQuality "1"]
[WhiteTeam "Le Touquet"]
[BlackTeam "Club 608"]
[WhiteTeamCountry "FRA"]
[BlackTeamCountry "FRA"]

1. e4 g6 2. g3 Bg7 3. Bg2 d6 4. f4 c5 5. Nf3 Nc6 6. 0-0 Rb8 7. Re1 b5 8. c3 Qb6 9. Kh1 Nf6 10. d3 0-0 11. Qe2 b4 12. c4 a5 13. e5 Ne8 14. Nbd2 Nc7 15. b3 dxe5 16. fxe5 Ne6 17. Bb2 Bb7 18. Nf1 Rfd8 19. Ne3 Ncd4 20. Nxd4 Nxd4 21. Bxd4 Rxd4 22. Nd5 Qd8 23. Rf1 e6 24. Nf4 Bxg2+ 25. Qxg2 Bxe5 26. Rae1 Bxf4 27. gxf4 Rxd3 28. f5 exf5 29. Rxf5 Rd1 30. Rxd1 Qxd1+ 31. Rf1 Qd3 32. Re1 Rd8 33. Qc6 Rd4 34. Qe8+ Kg7 35. Qe5+ Kh6 36. Qf6 Rg4 37. Qxf7 Qc2 38. Qf8+ Kh5 39. Re5+ g5 40. Qf1 Qc3 41. Qf7+ 1-0

[Event "Bethune op-A 23th"]
[Site "Bethune"]
[Date "2002.12.30"]
[Round "7"]
[White "Maitesian, Sergei"]
[Black "Spiridonov, Nikola"]
[Result "1-0"]
[WhiteElo "2305"]
[BlackElo "2345"]
[PlyCount "80"]
[EventDate "2002.12.26"]
[EventType "swiss"]
[EventRounds "7"]
[EventCountry "FRA"]
[SourceTitle "CBM 091 Extra"]
[Source "ChessBase"]
[SourceDate "2003.01.09"]
[SourceVersion "1"]
[SourceVersionDate "2003.01.09"]
[SourceQuality "1"]

1. e4 c6 2. d4 d5 3. exd5 cxd5 4. c4 Nf6 5. Nc3 g6 6. Qb3 Bg7 7. cxd5 0-0 8. Be2 Nbd7 9. Bf3 Nb6 10. Nge2 Bg4 11. Bxg4 Nxg4 12. 0-0 Nf6 13. Nf4 Qd7 14. Be3 Rfd8 15. Rac1 Bf8 16. Nd3 Nfxd5 17. Ne5 Qe6 18. Ne4 Nxe3 19. Qxe6 fxe6 20. fxe3 Nd5 21. Kf2 Rac8 22. Nc5 Nxe3 23. Kxe3 Bh6+ 24. Kd3 Bxc1 25. Rxc1 b6 26. Nb3 Rxc1 27. Nxc1 Kg7 28. Ne2 Kf6 29. a4 Rc8 30. b4 h5 31. Nc3 Kf5 32. b5 h4 33. Nc6 Rc7 34. Ke3 a6 35. Kf3 axb5 36. axb5 g5 37. h3 Rd7 38. Nd1 e5 39. Ne3+ Ke6 40. d5+ Kd6 1-0

[Event "Bethune op-A 23th"]
[Site "Bethune"]
[Date "2002.12.28"]
[Round "4"]
[White "Maitesian, Sergei"]
[Black "Sprenger, Jan Michael"]
[Result "0-1"]
[WhiteElo "2305"]
[BlackElo "2430"]
[PlyCount "88"]
[EventDate "2002.12.26"]
[EventType "swiss"]
[EventRounds "7"]
[EventCountry "FRA"]
[SourceTitle "CBM 091 Extra"]
[Source "ChessBase"]
[SourceDate "2003.01.09"]
[SourceVersion "1"]
[SourceVersionDate "2003.01.09"]
[SourceQuality "1"]

1. e4 c5 2. Nc3 Nc6 3. Bb5 Nd4 4. Ba4 g6 5. Nge2 Bg7 6. 0-0 Qa5 7. Nxd4 cxd4 8. b4 Qxb4 9. Nd5 Qxa4 10. Nc7+ Kd8 11. Nxa8 d3 12. c3 Qxd1 13. Rxd1 b6 14. a4 Bb7 15. a5 b5 16. Nb6 axb6 17. axb6 Nf6 18. f3 d5 19. Ra7 Kc8 20. Ba3 dxe4 21. Rb1 e3 22. dxe3 Nd5 23. Rd1 Nxb6 24. Rxd3 Kb8 25. Ra5 Nc4 26. Rxb5 Nxa3 27. Rb3 Nc4 28. Rd7 Nd6 29. Rxe7 Rd8 30. c4 Bf8 31. Rbxb7+ Nxb7 32. Rxf7 Bc5 33. Kf2 Rd2+ 34. Kg3 Nd6 35. Rxh7 Nf5+ 36. Kh3 Nxe3 37. g3 Nf1 38. Kg4 Nxh2+ 39. Kg5 Nxf3+ 40. Kxg6 Rd4 41. Kf5 Rxc4 42. g4 Be3 43. Rg7 Bg5 44. Rf7 Rf4+ 0-1

[Event "Bethune op-A 23th"]
[Site "Bethune"]
[Date "2002.12.27"]
[Round "3"]
[White "Lazarev, Vladimir"]
[Black "Maitesian, Sergei"]
[Result "1/2-1/2"]
[WhiteElo "2477"]
[BlackElo "2305"]
[PlyCount "53"]
[EventDate "2002.12.26"]
[EventType "swiss"]
[EventRounds "7"]
[EventCountry "FRA"]
[SourceTitle "CBM 091 Extra"]
[Source "ChessBase"]
[SourceDate "2003.01.09"]
[SourceVersion "1"]
[SourceVersionDate "2003.01.09"]
[SourceQuality "1"]

1. c4 Nf6 2. d4 c5 3. d5 b5 4. cxb5 a6 5. bxa6 g6 6. Nc3 Bxa6 7. g3 d6 8. Bg2 Bg7 9. Nf3 0-0 10. 0-0 Nbd7 11. Rb1 Ne8 12. Bd2 Nc7 13. b3 Nb6 14. Nh4 Bb7 15. e4 e6 16. dxe6 Nxe6 17. Re1 Re8 18. a4 Qd7 19. Bf1 Nd4 20. a5 Nc8 21. Nd5 Rxe4 22. Rxe4 Bxd5 23. Re1 Ne7 24. Bg2 Bxg2 25. Kxg2 Qb7+ 26. f3 Nec6 27. Re4 1/2-1/2

[Event "Bethune op-A 23th"]
[Site "Bethune"]
[Date "2002.12.27"]
[Round "2"]
[White "Maitesian, Sergei"]
[Black "Bruned, Boris"]
[Result "1-0"]
[WhiteElo "2305"]
[BlackElo "2039"]
[PlyCount "77"]
[EventDate "2002.12.26"]
[EventType "swiss"]
[EventRounds "7"]
[EventCountry "FRA"]
[SourceTitle "CBM 091 Extra"]
[Source "ChessBase"]
[SourceDate "2003.01.09"]
[SourceVersion "1"]
[SourceVersionDate "2003.01.09"]
[SourceQuality "1"]

1. e4 c5 2. Nf3 d6 3. d4 cxd4 4. Nxd4 Nf6 5. Nc3 a6 6. Be3 Ng4 7. Bc1 Nf6 8. f3 Qb6 9. Nb3 e6 10. Qe2 Nc6 11. Be3 Qc7 12. 0-0-0 b5 13. g4 Bb7 14. h4 Rc8 15. g5 Nd7 16. Kb1 Nce5 17. h5 Nc4 18. Bc1 Ndb6 19. Qf2 b4 20. Ne2 a5 21. Bh3 Na4 22. Nbd4 Nc5 23. g6 hxg6 24. hxg6 Rxh3 25. Rxh3 e5 26. Nf5 Nxe4 27. gxf7+ Qxf7 28. fxe4 Bxe4 29. Rf1 Na3+ 30. bxa3 Qb7 31. Nxd6+ Bxd6 32. Rh8+ Kd7 33. Qf7+ Be7 34. Rd1+ Kc6 35. Qc4+ Kb6 36. Be3+ Bc5 37. Rd6+ Rc6 38. Qxc5+ Ka6 39. Qc4+ 1-0

[Event "BEL-chT 0203"]
[Site "Belgium"]
[Date "2002.11.24"]
[Round "3.6"]
[White "Maitesian, Sergei"]
[Black "De Wit, Dick"]
[Result "1-0"]
[WhiteElo "2305"]
[BlackElo "2214"]
[PlyCount "81"]
[EventDate "2002.10.06"]
[EventType "team"]
[EventRounds "11"]
[EventCountry "BEL"]
[SourceTitle "EXT 2004"]
[Source "ChessBase"]
[SourceDate "2003.11.25"]
[SourceVersion "1"]
[SourceVersionDate "2003.11.25"]
[SourceQuality "1"]
[WhiteTeam "Hoboken"]
[BlackTeam "Gent"]
[WhiteTeamCountry "BEL"]
[BlackTeamCountry "BEL"]

1. e4 c5 2. Nf3 d6 3. d4 cxd4 4. Nxd4 Nf6 5. Nc3 a6 6. Bg5 Nc6 7. Be2 Qb6 8. Nb3 e6 9. Qd2 Be7 10. f4 h6 11. Bxf6 gxf6 12. f5 h5 13. 0-0-0 Bd7 14. fxe6 fxe6 15. Na4 Qa7 16. Nac5 Bc8 17. Nd3 e5 18. Rhf1 Be6 19. Bf3 a5 20. Qe2 Bf7 21. c3 a4 22. Na1 Bxa2 23. Bxh5+ Kd8 24. Nc2 Bb3 25. Bg4 a3 26. Nxa3 Bxd1 27. Rxd1 Qb6 28. Ne1 Qb3 29. Nec2 Ra5 30. Qc4 Qxc4 31. Nxc4 Ra4 32. b3 Ra8 33. h3 Na5 34. Nxd6 Bxd6 35. Rxd6+ Kc7 36. Rd7+ Kb6 37. b4 Nc4 38. Be6 Rac8 39. Bd5 Rhd8 40. Rxd8 Rxd8 41. Bxc4 1-0

[Event "FRA-chT2S 0203"]
[Site "France"]
[Date "2002.11.17"]
[Round "3.3"]
[White "Guez, Fabien"]
[Black "Maitesian, Sergei"]
[Result "0-1"]
[WhiteElo "2118"]
[BlackElo "2315"]
[PlyCount "116"]
[EventDate "2002.10.??"]
[EventType "team"]
[EventRounds "11"]
[EventCountry "FRA"]
[SourceTitle "EXT 2004"]
[Source "ChessBase"]
[SourceDate "2003.11.25"]
[SourceVersion "1"]
[SourceVersionDate "2003.11.25"]
[SourceQuality "1"]
[WhiteTeam "Creteil"]
[BlackTeam "Le Touquet"]
[WhiteTeamCountry "FRA"]
[BlackTeamCountry "FRA"]

1. e4 c5 2. Nf3 d6 3. d4 cxd4 4. Nxd4 Nf6 5. Nc3 a6 6. Bg5 e6 7. f4 Qb6 8. Nb3 Be7 9. Qd2 Nc6 10. Be2 Qc7 11. 0-0-0 b5 12. Bf3 Bb7 13. Rhe1 0-0-0 14. Qe3 h6 15. Bh4 b4 16. Na4 Ng4 17. Bxg4 Bxh4 18. Re2 Kb8 19. Red2 Na5 20. Be2 Nxb3+ 21. axb3 Be7 22. Qd4 d5 23. exd5 Bxd5 24. Bxa6 Bf3 25. gxf3 Rxd4 26. Rxd4 Rd8 27. Rxd8+ Bxd8 28. Rd4 Be7 29. Rc4 Qa5 30. Rc8+ Ka7 31. Bd3 f5 32. Rc6 Qd5 33. Rc7+ Kb8 34. Rxe7 Qxf3 35. Rxe6 Qh1+ 36. Kd2 Qxh2+ 37. Re2 Qxf4+ 38. Ke1 g5 39. Nc5 Qg3+ 40. Kd2 f4 41. Na6+ Kc8 42. Re7 Kd8 43. Rh7 Qh2+ 44. Kd1 f3 45. Nb8 Qh1+ 46. Kd2 f2 47. Ke3 f1Q 48. Bxf1 Qxf1 49. Nc6+ Ke8 50. Rxh6 Qf4+ 51. Kd3 g4 52. Rh8+ Kd7 53. Nd4 g3 54. Rd8+ Ke7 55. Rg8 Qf1+ 56. Ne2 Qf5+ 57. Kd4 Qd7+ 58. Kc5 Qd6+ 0-1

[Event "Rosny sous Bois 01st"]
[Site "Rosny sous Bois"]
[Date "2002.10.30"]
[Round "5"]
[White "Wirig, Anthony"]
[Black "Maitesian, Sergei"]
[Result "1/2-1/2"]
[WhiteElo "2350"]
[BlackElo "2305"]
[PlyCount "92"]
[EventDate "2002.10.26"]
[EventType "tourn"]
[EventRounds "9"]
[EventCountry "FRA"]
[EventCategory "4"]
[SourceTitle "EXT 2003"]
[Source "ChessBase"]
[SourceDate "2002.11.25"]
[SourceVersion "1"]
[SourceVersionDate "2002.11.25"]
[SourceQuality "1"]

1. c4 c6 2. d4 d5 3. cxd5 cxd5 4. Nc3 Nf6 5. Nf3 Nc6 6. Bf4 Qb6 7. Na4 Qa5+ 8. Bd2 Qd8 9. e3 Ne4 10. Nc3 Nxd2 11. Qxd2 e6 12. Be2 Bd6 13. Rc1 Bd7 14. 0-0 g5 15. Ne1 h5 16. Nd3 f5 17. f4 g4 18. Nb5 Be7 19. Nc3 0-0 20. Rfd1 Nb4 21. Nxb4 Bxb4 22. a3 Be7 23. Bd3 Rc8 24. Ne2 Rxc1 25. Rxc1 Qb6 26. Rc3 Rc8 27. Rxc8+ Bxc8 28. Qc3 Bd7 29. Nc1 Qc6 30. Qxc6 Bxc6 31. Bc2 Bb5 32. Nd3 Bxd3 33. Bxd3 a6 34. Kf2 Kf7 35. Ke2 h4 36. h3 g3 37. Kd2 Ke8 38. Be2 Kd7 39. Bh5 Bd8 40. Kc3 Ba5+ 41. b4 Bc7 42. Bf7 a5 43. Bg6 axb4+ 44. axb4 Bd6 45. Bf7 b6 46. Bg6 Ke7 1/2-1/2

[Event "Rosny sous Bois 01st"]
[Site "Rosny sous Bois"]
[Date "2002.10.27"]
[Round "2"]
[White "Maitesian, Sergei"]
[Black "Marechal, Andy"]
[Result "1-0"]
[WhiteElo "2305"]
[BlackElo "2248"]
[PlyCount "87"]
[EventDate "2002.10.26"]
[EventType "tourn"]
[EventRounds "9"]
[EventCountry "FRA"]
[EventCategory "4"]
[SourceTitle "EXT 2003"]
[Source "ChessBase"]
[SourceDate "2002.11.25"]
[SourceVersion "1"]
[SourceVersionDate "2002.11.25"]
[SourceQuality "1"]

1. e4 e6 2. d4 d5 3. Nc3 Nf6 4. e5 Nfd7 5. Nce2 c5 6. c3 cxd4 7. cxd4 f6 8. Nf4 Bb4+ 9. Bd2 Qb6 10. Bxb4 Qxb4+ 11. Qd2 Qxd2+ 12. Kxd2 Ke7 13. Nf3 Nc6 14. exf6+ gxf6 15. Re1 Nb6 16. Bb5 Na5 17. b3 a6 18. Bd3 Kd6 19. Re2 Nc6 20. Rhe1 Nd8 21. g4 h6 22. Nh5 Rf8 23. h3 Bd7 24. Nf4 Rc8 25. Nh4 Na8 26. Nfg6 Re8 27. Nf5+ exf5 28. Rxe8 Bxe8 29. Rxe8 fxg4 30. Bf5 Rb8 31. hxg4 Nc6 32. Re6+ Kc7 33. Kc3 Kb6 34. Ne7 Nc7 35. Nxc6 bxc6 36. Rxf6 Re8 37. Kd3 Re1 38. Rxh6 Rd1+ 39. Ke3 Nb5 40. Bd3 Nc3 41. g5 Rg1 42. g6 Nxa2 43. Rh3 c5 44. Rg3 1-0

[Event "FRA-chT2"]
[Site "France"]
[Date "2002.03.23"]
[Round "10"]
[White "Bernard, Christophe"]
[Black "Maitesian, Sergei"]
[Result "1-0"]
[WhiteElo "2371"]
[BlackElo "2289"]
[PlyCount "85"]
[EventDate "2002.??.??"]
[EventType "team"]
[EventRounds "11"]
[EventCountry "FRA"]
[SourceTitle "EXT 2003"]
[Source "ChessBase"]
[SourceDate "2002.11.25"]
[SourceVersion "1"]
[SourceVersionDate "2002.11.25"]
[SourceQuality "1"]

1. d4 d5 2. Nf3 Nf6 3. c4 c6 4. Nc3 dxc4 5. a4 Bf5 6. e3 e6 7. Bxc4 Bb4 8. 0-0 0-0 9. Qe2 Nbd7 10. e4 Bg6 11. e5 Nd5 12. Nxd5 cxd5 13. Bd3 Rc8 14. Bxg6 hxg6 15. Qb5 a5 16. Bg5 f6 17. exf6 gxf6 18. Bd2 Bxd2 19. Nxd2 Rf7 20. Rfe1 Qb6 21. Qxb6 Nxb6 22. Rxe6 Rc2 23. Rxb6 Rxd2 24. g3 Rxd4 25. Rb5 Rd2 26. Re1 Rc7 27. Re6 Kf7 28. Rd6 Ke7 29. Rdxd5 Re2 30. Rd3 f5 31. Re3+ Rxe3 32. fxe3 Kf6 33. h4 g5 34. Rb6+ Ke5 35. hxg5 Ke4 36. Kg2 Rg7 37. Kf2 Rxg5 38. Rxb7 Rh5 39. Re7+ Kd5 40. Ra7 Ke4 41. Re7+ Kd5 42. Kf3 Kc4 43. Rb7 1-0

[Event "Bethune op 22nd"]
[Site "Bethune"]
[Date "2001.12.29"]
[Round "6"]
[White "Maitesian, Sergei"]
[Black "Kasparov, Sergey"]
[Result "0-1"]
[WhiteElo "2307"]
[BlackElo "2475"]
[PlyCount "64"]
[EventDate "2001.12.26"]
[EventType "swiss"]
[EventRounds "7"]
[EventCountry "FRA"]
[SourceTitle "CBM 085 Extra"]
[Source "ChessBase"]
[SourceDate "2002.01.21"]
[SourceVersion "1"]
[SourceVersionDate "2002.01.21"]
[SourceQuality "1"]

1. e4 c6 2. d4 d5 3. e5 Bf5 4. Nc3 h5 5. Nge2 e6 6. Ng3 Bg6 7. h4 c5 8. Be2 Nc6 9. dxc5 Bxc5 10. Bxh5 Bxh5 11. Nxh5 g6 12. Bg5 Be7 13. Bxe7 Qxe7 14. Nf6+ Nxf6 15. exf6 Qxf6 16. Qg4 Qe5+ 17. Kf1 d4 18. Ne2 0-0-0 19. Rh3 Rd7 20. Rd1 Rhd8 21. Rhd3 Qc5 22. R3d2 Qb4 23. Nc1 Qxb2 24. Kg1 Qb5 25. Ne2 Qb4 26. Nc1 Rd5 27. Nd3 Qa5 28. Nc1 R8d7 29. Nb3 Qd8 30. Qg3 Rh5 31. c3 Qxh4 32. cxd4 Qh1# 0-1

[Event "Hyeres op"]
[Site "Hyeres"]
[Date "2001.07.09"]
[Round "3"]
[White "Tirard, Hugo"]
[Black "Maitesian, Sergei"]
[Result "1/2-1/2"]
[WhiteElo "2422"]
[BlackElo "2198"]
[PlyCount "44"]
[EventDate "2001.07.07"]
[EventType "swiss"]
[EventRounds "9"]
[EventCountry "FRA"]
[SourceTitle "EXT 2002"]
[Source "ChessBase"]
[SourceDate "2001.11.25"]
[SourceVersion "1"]
[SourceVersionDate "2001.11.25"]
[SourceQuality "1"]

1. e4 e5 2. Nf3 Nf6 3. Nxe5 d6 4. Nf3 Nxe4 5. d4 d5 6. Bd3 Nc6 7. 0-0 Be7 8. c4 Nb4 9. Be2 dxc4 10. Bxc4 0-0 11. Nc3 Nxc3 12. bxc3 Nd5 13. Re1 c6 14. Qd3 Be6 15. Bb3 Bf6 16. Ne5 Re8 17. Bc2 g6 18. Qg3 Bh4 19. Qf3 Qf6 20. Rb1 Nxc3 21. Rxb7 Qxf3 22. Nxf3 Bd5 1/2-1/2

[Event "FRA-ch U16 playoff"]
[Site "Amiens"]
[Date "2001.04.15"]
[Round "11"]
[White "Cornette, Matthieu"]
[Black "Maitesian, Sergei"]
[Result "1-0"]
[WhiteElo "2202"]
[BlackElo "2153"]
[PlyCount "103"]
[EventDate "2001.04.??"]
[EventType "match"]
[EventRounds "3"]
[EventCountry "FRA"]
[SourceTitle "EXT 2005"]
[Source "ChessBase"]
[SourceDate "2004.11.15"]
[SourceVersion "1"]
[SourceVersionDate "2004.11.15"]
[SourceQuality "1"]

1. e4 b6 2. d4 Bb7 3. Bd3 e6 4. Nf3 c5 5. c3 d6 6. 0-0 Be7 7. Qe2 Nf6 8. Nbd2 cxd4 9. cxd4 Nc6 10. Rd1 Rc8 11. e5 dxe5 12. dxe5 Nd5 13. Ne4 Qc7 14. Bg5 Bxg5 15. Nd6+ Ke7 16. Nxg5 Nxe5 17. Qxe5 Qxd6 18. Qxd6+ Kxd6 19. Nxf7+ Ke7 20. Nxh8 Rxh8 21. Rac1 g6 22. Be4 a5 23. a3 Rb8 24. Bf3 Rf8 25. Re1 Kd6 26. Re2 Ba6 27. Rec2 Bb7 28. Bxd5 Bxd5 29. Rc8 Rf7 30. Rb8 Bb7 31. f3 b5 32. Kf2 b4 33. axb4 axb4 34. b3 g5 35. Rc4 h5 36. Rxb4 Bd5 37. Ke3 Rc7 38. Kd2 Ke5 39. h4 Rg7 40. hxg5 Kf5 41. Rh8 Kxg5 42. Ke3 Kf6 43. Kf2 Rg5 44. Rbb8 Ke5 45. b4 Kd6 46. Rbc8 Bc6 47. Rhd8+ Bd7 48. Rc5 e5 49. Rc1 Ke7 50. Rb8 e4 51. fxe4 Re5 52. Kf3 1-0